[Event "GER-chT Lands U20"]
[Site "Neumuenster"]
[Date "2021.10.04"]
[Round "4.4"]
[White "Haug, Mara"]
[Black "Stas, Antonia"]
[Result "1-0"]
[WhiteElo "1326"]
[BlackElo "1294"]
[PlyCount "95"]
[EventDate "2021.10.01"]
[EventType "team-swiss"]
[EventRounds "7"]
[EventCountry "GER"]
[SourceTitle "CBM 204 Extra"]
[Source "ChessBase"]
[SourceDate "2021.11.30"]
[SourceVersion "1"]
[SourceVersionDate "2021.11.30"]
[SourceQuality "1"]
[WhiteTeam "Baden"]
[BlackTeam "Hamburg"]
[WhiteTeamCountry "GER"]
[BlackTeamCountry "GER"]

1. e4 e5 2. Nc3 Nf6 3. g3 Bc5 4. Bg2 d6 5. Nge2 a6 6. h3 Nc6 7. 0-0 0-0 8. d3 Ne7 9. Kh2 d5 10. Bg5 Qd6 11. Bxf6 Qxf6 12. exd5 c6 13. Ne4 Qh6 14. Nxc5 Nxd5 15. Nc3 Rd8 16. Qe2 b6 17. Nb3 f6 18. Nxd5 cxd5 19. Qe3 Qxe3 20. fxe3 a5 21. Rad1 Ba6 22. c4 Bb7 23. Bxd5+ Bxd5 24. cxd5 a4 25. Nc1 Rxd5 26. Kg2 Rc8 27. Rf2 e4 28. d4 g6 29. Ne2 f5 30. Nc3 Ra5 31. a3 Kf7 32. Nxe4 Ke7 33. Nc3 Kd6 34. g4 Rg8 35. Kf3 Rf8 36. Ke2 Raa8 37. Rdf1 Ke7 38. gxf5 gxf5 39. Rxf5 Rxf5 40. Rxf5 Ke6 41. Rh5 Ra7 42. Rh6+ Kf5 43. Rxb6 Kg5 44. Ne4+ Kh4 45. Nf2 Ra5 46. Rh6+ Rh5 47. Rxh5+ Kxh5 48. Kd3 1-0

[Event "GER-chT Lands U20"]
[Site "Neumuenster"]
[Date "2021.10.02"]
[Round "2.6"]
[White "Chandrasekhar, Ritu"]
[Black "Stas, Antonia"]
[Result "1-0"]
[WhiteElo "1307"]
[BlackElo "1294"]
[PlyCount "111"]
[EventDate "2021.10.01"]
[EventType "team-swiss"]
[EventRounds "7"]
[EventCountry "GER"]
[SourceTitle "CBM 204 Extra"]
[Source "ChessBase"]
[SourceDate "2021.11.30"]
[SourceVersion "1"]
[SourceVersionDate "2021.11.30"]
[SourceQuality "1"]
[WhiteTeam "Mecklenburg Vorpommern"]
[BlackTeam "Hamburg"]
[WhiteTeamCountry "GER"]
[BlackTeamCountry "GER"]

1. e4 e5 2. Nf3 Nc6 3. Bc4 Bc5 4. 0-0 d6 5. d3 Bg4 6. h3 Bh5 7. Nbd2 Nf6 8. c3 Bb6 9. Re1 Qe7 10. Nf1 a6 11. Ng3 Bg6 12. Be3 0-0-0 13. Bxb6 cxb6 14. Qb3 d5 15. exd5 Nxd5 16. Bxd5 Rxd5 17. Qxd5 f6 18. d4 Rd8 19. Qc4 b5 20. Qe2 Re8 21. Rad1 e4 22. Nd2 f5 23. Nb3 Qd7 24. d5 Ne7 25. c4 bxc4 26. Qxc4+ Kb8 27. Nc5 Qd6 28. Rc1 Qxd5 29. Red1 Qxc4 30. Rxc4 Rc8 31. Rdc1 Bf7 32. Nd7+ Ka7 33. Rxc8 Nxc8 34. Rxc8 Be6 35. Rd8 Bxa2 36. Nxf5 g6 37. Nd6 Bd5 38. Nf6 Bc6 39. Nfxe4 Bxe4 40. Nxe4 Kb6 41. Rd5 Kc6 42. Ra5 Kc7 43. f4 h6 44. Kf2 h5 45. Ke3 h4 46. Kd4 Kb6 47. b4 Kc7 48. Rg5 Kb6 49. Nc3 Ka7 50. Rxg6 b6 51. Rg7+ Kb8 52. Kd5 a5 53. bxa5 bxa5 54. Kc6 Ka8 55. Kb6 a4 56. Rg8# 1-0

[Event "GER-chT Lands U20"]
[Site "Neumuenster"]
[Date "2021.10.02"]
[Round "1.4"]
[White "Stas, Antonia"]
[Black "Neininger, Sarah"]
[Result "0-1"]
[WhiteElo "1294"]
[BlackElo "1412"]
[PlyCount "88"]
[EventDate "2021.10.01"]
[EventType "team-swiss"]
[EventRounds "7"]
[EventCountry "GER"]
[SourceTitle "CBM 204 Extra"]
[Source "ChessBase"]
[SourceDate "2021.11.30"]
[SourceVersion "1"]
[SourceVersionDate "2021.11.30"]
[SourceQuality "1"]
[WhiteTeam "Hamburg"]
[BlackTeam "Hessen"]
[WhiteTeamCountry "GER"]
[BlackTeamCountry "GER"]

1. e4 c5 2. Nf3 Nc6 3. Bc4 e6 4. Nc3 Nf6 5. d3 d5 6. exd5 exd5 7. Bb3 h6 8. 0-0 Be7 9. Bf4 0-0 10. Qd2 Be6 11. Nb5 Rc8 12. Rad1 a6 13. Na3 Bd6 14. c4 d4 15. Rde1 Bxf4 16. Qxf4 Qc7 17. Qg3 Qxg3 18. fxg3 Bf5 19. Bc2 Bh7 20. Nb1 Nb4 21. Ba4 Bxd3 22. Rf2 Nxa2 23. b3 Nb4 24. Rd1 Ne4 25. Rb2 Nc3 26. Nxc3 dxc3 27. Rf2 c2 28. Ra1 b5 29. cxb5 axb5 30. Bxb5 Bxb5 31. Ne1 c4 32. Nxc2 Nxc2 33. Rxc2 cxb3 34. Rxc8 Rxc8 35. Kf2 Bd3 36. Rd1 b2 37. Rxd3 b1Q 38. Re3 Qf5+ 39. Rf3 Rc2+ 40. Ke3 Qe5+ 41. Kd3 Rc3+ 42. Kd2 Qd4+ 43. Ke1 Rc2 44. Kf1 Qa1# 0-1

[Event "GER-chT U14 Girls"]
[Site "Magdeburg"]
[Date "2015.12.28"]
[Round "3.1"]
[White "Stas, Antonia"]
[Black "Fricke, Edna Marlene"]
[Result "0-1"]
[WhiteElo "920"]
[BlackElo "998"]
[PlyCount "102"]
[EventDate "2015.12.27"]
[EventType "team-swiss"]
[EventRounds "7"]
[EventCountry "GER"]
[SourceTitle "EXT 2017"]
[Source "ChessBase"]
[SourceDate "2016.10.25"]
[SourceVersion "1"]
[SourceVersionDate "2016.10.25"]
[SourceQuality "1"]
[WhiteTeam "Hamburger SK"]
[BlackTeam "Berlin Schachunion"]
[WhiteTeamCountry "GER"]
[BlackTeamCountry "GER"]

1. e4 c5 2. d4 cxd4 3. Qxd4 Nc6 4. Qc4 g6 5. Bf4 Bg7 6. Qc5 d6 7. Qc4 Nf6 8. e5 dxe5 9. Bxe5 Nxe5 10. Qb5+ Nc6 11. Bd3 0-0 12. Nc3 Rb8 13. 0-0-0 Be6 14. Bxg6 Qa5 15. Qxa5 Nxa5 16. Be4 Nxe4 17. Nxe4 Bxa2 18. b3 Bxb3 19. cxb3 Nxb3+ 20. Kc2 Nd4+ 21. Kc3 Rbc8+ 22. Kb4 Rfd8 23. Nf3 Nxf3 24. Rxd8+ Rxd8 25. gxf3 b6 26. Kb5 Rb8 27. Rc1 a5 28. Rc7 e6 29. Rc6 Kf8 30. Ng5 h6 31. Ne4 Bd4 32. Nd6 Bxf2 33. Nc8 Ke8 34. Nd6+ Kf8 35. Nc8 Be3 36. Rc3 Bd4 37. Rc4 Bc5 38. Na7 Rb7 39. Nc6 Rd7 40. Nxa5 bxa5 41. Rxc5 Rd5 42. Rxd5 exd5 43. Kxa5 Ke7 44. Kb4 Ke6 45. Kc3 Ke5 46. Kd3 Kf4 47. Kd4 Kxf3 48. Kxd5 f5 49. Ke5 f4 50. Kd4 Kg2 51. Ke4 f3 0-1